[Event "Ogolnopolska Olimpiada Mlodziezy w Sportach Umyslowych - C12"]
[Site "Walbrzych, Zamek Ksiaz"]
[Date "2013-04-18"]
[Round "9.16"]
[White "Krawczyk, Piotr"]
[Black "Paliszewski, Dominik"]
[Result "0-1"]
[WhiteTitle "II"]
[BlackTitle "II"]
[WhiteElo "1439"]
[BlackElo "1600"]

1. d4 Nf6 2. c4 g6 3. Nc3 Bg7 4. e4 d6 5. f4 O-O 6. Nf3 c5 7. d5 e6 8. e5 dxe5
9. fxe5 Ng4 10. Bg5 Qa5 11. Qe2 exd5 12. cxd5 Nxe5 13. O-O-O Nxf3 14. Qxf3 Bxc3
15. Qxc3 Qxc3+ 16. bxc3 Re8 17. Bc4 Bg4 18. Rde1 Nd7 19. h3 Bf5 20. Rxe8+ Rxe8
21. g4 Be4 22. Re1 a6 23. d6 Nb6 24. Bd3 f5 25. gxf5 gxf5 26. Bxe4 fxe4 27. Be7
Nd7 28. Rxe4 Kf7 29. Rh4 Kg6 30. Rg4+ Kf7 31. Rg2 b5 32. Rf2+ Ke6 33. Rf4 Rg8
34. Rh4 Rg7 35. a4 Kd5 36. axb5 axb5 37. Kc2 Rg2+ 38. Kd1 Rg7 0-1

[Event "Ogolnopolska Olimpiada Mlodziezy w Sportach Umyslowych - C12"]
[Site "Walbrzych, Zamek Ksiaz"]
[Date "2013-04-18"]
[Round "9.17"]
[White "Laszczak, Przemyslaw"]
[Black "Topolan, Pawel"]
[Result "1-0"]
[WhiteTitle "II+"]
[BlackTitle "II"]
[WhiteElo "1506"]
[BlackElo "1432"]

1. d4 Nf6 2. c4 g6 3. Nc3 Bg7 4. e4 d6 5. Nf3 Nbd7 6. Be2 e5 7. O-O c6 8. Be3 O-O
9. Qd2 Ng4 10. Bg5 Qc7 11. d5 Nc5 12. b4 Na6 13. a3 f5 14. Qb2 h6 15. Bd2 fxe4
16. Nxe4 Bf5 17. Bd3 Rac8 18. Rac1 Bxe4 19. Bxe4 Qb6 20. Bc3 Nf6 21. Bxg6 cxd5
22. cxd5 Nxd5 23. Qb3 Qc6 24. Be4 Nac7 25. Rcd1 Qxc3 26. Bxd5+ Nxd5 27. Qxd5+
Kh7 28. Qxb7 Qc2 29. h3 e4 30. Rd2 Rc7 31. Qd5 Qc4 32. Qxc4 Rxc4 33. Rfd1 exf3
34. Rxd6 fxg2 35. Kxg2 Rcf4 36. R1d2 Rf3 37. Ra6 Kg8 38. Rxa7 Rxf2+ 39. Rxf2 Rxf2+
40. Kxf2 Bd4+ 41. Ke2 Bxa7 42. a4 Bb6 43. Kd3 Kf7 44. Kc4 Ke6 45. a5 Bc7 46. Kc5
Kd7 47. a6 Kc8 48. Kc6 Bb8 49. b5 Ba7 50. b6 Bxb6 51. Kxb6 Kb8 52. Kc6 Ka7 53.
Kd6 Kxa6 54. Ke6 Kb6 55. Kf6 1-0

[Event "Ogolnopolska Olimpiada Mlodziezy w Sportach Umyslowych - C12"]
[Site "Walbrzych, Zamek Ksiaz"]
[Date "2013-04-18"]
[Round "9.18"]
[White "Miszkielo, Bartosz"]
[Black "Rak, Maciej"]
[Result "1-0"]
[WhiteTitle "II+"]
[BlackTitle "III"]
[WhiteElo "1656"]
[BlackElo "1352"]

1. e4 c5 2. Nf3 e6 3. b3 Nc6 4. Bb2 a6 5. c4 d6 6. Be2 Nf6 7. Nc3 Be7 8. O-O O-O
9. d4 cxd4 10. Nxd4 Qc7 11. Nxc6 bxc6 12. Kh1 c5 13. Qc2 Bb7 14. f4 Rad8 15. Bd3
h6 16. Rae1 d5 17. exd5 exd5 18. cxd5 Bxd5 19. Nxd5 Nxd5 20. a3 a5 21. Rf3 Bf6
22. Bxf6 Nxf6 23. Rc1 Rfe8 24. h3 Nd5 25. Bb5 Re7 26. Qxc5 Qb8 27. Bc4 Rc7 28.
Qxa5 Nxf4 29. Rxf4 Ra7 30. Qf5 1-0

[Event "Ogolnopolska Olimpiada Mlodziezy w Sportach Umyslowych - C12"]
[Site "Walbrzych, Zamek Ksiaz"]
[Date "2013-04-18"]
[Round "9.19"]
[White "Ryk, Mikolaj"]
[Black "Pacan-milej, Kosma"]
[Result "0-1"]
[WhiteTitle "II"]
[BlackTitle "II"]
[WhiteElo "1555"]
[BlackElo "1257"]

1. c4 c6 2. e4 d5 3. exd5 cxd5 4. cxd5 Qxd5 5. Nc3 Qd8 6. d4 Nf6 7. Nf3 Bg4 8.
Bc4 e6 9. O-O Bd6 10. Qa4+ Nbd7 11. Nb5 Qb8 12. Nxd6+ Qxd6 13. Bg5 Bxf3 14. Bxf6
Bc6 15. Be5 Nxe5 16. dxe5 Qxe5 17. Qa3 Qe4 18. f3 Qxc4 19. Rfd1 Qf4 20. Rd3 Qc7
21. Rad1 Qe7 22. Qxe7+ Kxe7 0-1

[Event "Ogolnopolska Olimpiada Mlodziezy w Sportach Umyslowych - C12"]
[Site "Walbrzych, Zamek Ksiaz"]
[Date "2013-04-18"]
[Round "9.20"]
[White "Twardowski, Hubert"]
[Black "Gaj, Szymon"]
[Result "0-1"]
[WhiteTitle "II"]
[BlackTitle "II"]
[WhiteElo "1353"]
[BlackElo "1365"]

1. e4 c5 2. Nf3 d6 3. d4 cxd4 4. Nxd4 Nf6 5. Nc3 g6 6. Be3 Bg7 7. f3 O-O 8. Qd2
Nc6 9. Bc4 Bd7 10. O-O-O Rc8 11. Bb3 Nxd4 12. Bxd4 b5 13. Kb1 a5 14. a3 b4 15.
axb4 axb4 16. Nd5 Nxd5 17. Bxg7 Kxg7 18. exd5 Qa5 19. Qd4+ Kg8 20. Kc1 Ba4 21.
Bxa4 Qxa4 22. b3 Qxb3 23. Qb2 Qc3 24. Rd4 b3 25. Qxc3 Rxc3 26. Rd2 Rfc8 27. Rhd1
Rxc2+ 28. Kb1 Rxd2 29. Rxd2 Rc2 30. Rxc2 bxc2+ 31. Kxc2 Kg7 32. Kd3 Kf6 33. Ke4
e6 34. g3 g5 35. g4 h6 36. h3 exd5+ 37. Kxd5 Ke7 38. f4 gxf4 39. Ke4 f6 40. Kxf4
Ke6 41. h4 d5 42. h5 Kd6 43. Kf5 d4 44. Kxf6 d3 45. Kg6 d2 46. Kxh6 d1=Q 47. g5
Ke7 48. g6 Kf8 49. Kg5 Qg1+ 50. Kf6 Qf2+ 51. Kg5 Qg3+ 52. Kf5 Qh4 53. h6 Qxh6
54. Kf6 Kg8 0-1

[Event "Ogolnopolska Olimpiada Mlodziezy w Sportach Umyslowych - C12"]
[Site "Walbrzych, Zamek Ksiaz"]
[Date "2013-04-18"]
[Round "9.22"]
[White "Majocha, Piotr"]
[Black "Ulatowski, Jakub"]
[Result "0-1"]
[WhiteTitle "II"]
[BlackTitle "II"]
[WhiteElo "1503"]
[BlackElo "1455"]

1. Nf3 d5 2. d4 Nf6 3. c4 e6 4. Nc3 c6 5. e3 Nbd7 6. Qb3 Be7 7. cxd5 exd5 8. Bd3
O-O 9. O-O Re8 10. Re1 Nf8 11. Bd2 Ne6 12. Rad1 g6 13. Bb1 Bf8 14. a3 Ng7 15.
Na4 Nf5 16. Bb4 Bxb4 17. Qxb4 Nd6 18. h3 Nfe4 19. Nc3 Nxc3 20. Qxc3 Qf6 21. Ne5
Qg5 22. Kh1 Be6 23. Qb4 Red8 24. Nd3 Qh4 25. Qd2 Ne4 26. Qe2 g5 27. Kg1 f5 28.
Nc5 Nxc5 29. dxc5 Rd7 30. b4 g4 31. hxg4 fxg4 32. b5 cxb5 33. Qxb5 g3 34. fxg3
Qxg3 35. Ba2 Rf8 36. Qb2 Rdf7 37. Re2 h5 38. e4 h4 39. exd5 h3 40. Qb1 Rf2 41.
Qe4 h2+ 42. Kh1 Rf1+ 43. Rxf1 Rxf1# 0-1